000 00776nam a2200253 a 4500
001 60599
003 BD-RjUL
005 20211209080848.0
008 010117s1992 enk 000 0 eng
020 _a1852931574
020 _a1852931582
035 _aBD-RjUL60723
040 _aBD-RjUL
_beng
_cBD-RjUL
041 _aeng
082 1 4 _a388
_223
_bMOD
245 0 0 _aModern transport geography /
_cedited by B.S. Hoyle and R.D. Knowles.
260 _aChichester :
_bJohn Wiley & Sons,
_c1992.
300 _ax, 276 p. :
_bill. ;
_c25 cm.
650 0 _aTransportation
_9180495
700 1 _aKnowles, R. D.
_q(Richard D.)
_9180496
700 1 _aHoyle, B. S.
_9180497
710 2 _aInstitute of British Geographers.
_bTransport Geography Study Group.
_9180498
942 _2ddc
_cBK
999 _c60599
_d60599